| 000 | 01072nac a22002531i 4500 | ||
|---|---|---|---|
| 003 | EG-ScBUE | ||
| 005 | 20231026114909.0 | ||
| 008 | 100811s1973 ua f b 00010bbara d | ||
| 017 | _a1973 / 1804 | ||
| 040 |
_aEG-ScBUE _bara _erda _cEG-ScBUE _dEG-ScBUE |
||
| 082 | 0 | 4 |
_a297.648 _bم ص ر _222 |
| 100 | 1 |
_aالمصري، حسين مجيب، _d1916-2004، _eمؤلف. _914990 |
|
| 245 | 1 | 2 |
_aالصحابي الجليل سلمان الفارسي : _bعند العرب و الفرس والترك / _cدكتور حسين مجيب المصري. |
| 264 | 1 |
_aالقاهرة : _bمكتبة الأنجلو المصرية، _c1973. |
|
| 300 |
_a272 صفحة ؛ _c24 سم |
||
| 336 |
_2rdacontent _aنص _btxt |
||
| 337 |
_2rdamedia _aبدون وسيط _bn |
||
| 338 |
_2rdacarrier _aمجلد _bnc |
||
| 504 | _8يشتمل على إرجاعات ببليوجرافية وكشافات. | ||
| 600 | 0 | 7 |
_917434 _aسلمان الفارسي، _dت. 36 هـ.. _2BUEsh |
| 650 | 7 |
_aالصحابة والتابعون _xتراجم. _2BUEsh _915267 |
|
| 655 | _vReading book | ||
| 942 |
_cBB _2ddc |
||
| 999 |
_c6758 _d6758 |
||